000 00803cam a22002291 4500
001 sa 64001298
003 DLC
005 20260227112001.0
008 951006s1943 ii ac 000 0 eng
010 _asa 64001298
035 _a(OCoLC)33257745
040 _aDLC
_cNSyU
_dDLC
042 _apremarc
050 0 0 _aHC438.B6
_bS45
100 1 _aShah, Vallabhdas Vithaldas,
_d1914-
245 1 0 _aReport on the economic and nutrition survey of Gujarati middle class families in Bombay City,
_cby V.V. Shah and M.H. Patel. With a pref. by H.V. Divatia.
260 _aBombay,
_bGujarat Research Society,
_c1943.
300 _aiii, 72 p.
_bport., tables.
_c25 cm.
651 0 _aMumbai (India)
_xEconomic conditions.
650 0 _aDiet
_zIndia
_zMumbai.
700 1 _aPatel, Madhusudan Himatlal,
_ejoint author.
999 _c56677
_d56677